000
00243nmm a2200085Ia 4500
008
220120s9999||||xx |||||||||||||||||und||
100
_a
Vinci, Da
245
0
_a
HDL Programming Fundamentals : VHDL & Verilog
260
_a
Tata mc graw hill ltd.
_c
2010
999
_c
139530
_d
139530